000 00258nam a2200109Ia 4500
008 220204s9999 xx 000 0 und d
082 _a82-3
_bHIR
100 _aHirschfeld, Burt
245 4 _aThe Masters affair
260 _aLondon
_bSphere
_c1975
942 _cBK
999 _c31061
_d31061